| 000 | 00607cam a2200193 a 4500 | ||
|---|---|---|---|
| 020 | _a0889365512 | ||
| 040 | _cDLC | ||
| 082 | 0 | 0 | _a363 INT 1989 A015 Or. |
| 100 | 1 | _aKashyap, Purnima. | |
| 245 | 1 | 0 |
_aRapid assessment of community nutrition problems : _ba case study of Parbhani, India / |
| 260 |
_aOttawa, ON, Canada : _bInternational Development Research Centre, _cc1989. |
||
| 300 |
_aviii, 59 p. : _bill. ; _c25 cm. |
||
| 490 | 1 | _aIDRC ; | |
| 500 | _aSummary in English, French, and Spanish. | ||
| 650 | 0 | _aNutrition surveys | |
| 650 | 0 | _aMalnutrition | |
| 700 | 1 | _aYoung, Richard H. | |
| 942 | _cEK | ||
| 999 |
_c11548 _d11548 |
||